Quizzes
Events
Quiz Creation
Community
Videos
Private Events
Remove Ads
Sign In
Join for FREE
Feedback
Dark Mode
Quiz Categories
Sports
Geography
Music
Movies
Television
Just For Fun
Miscellaneous
History
Literature
Language
Science
Gaming
Entertainment
Religion
Holiday
For Kids
Quiz Lab
Recent
Popular Today
Quiz Kudos Today
Editor Picks
Curator Picks
Quizzes by...
Day
Popularity
Type
Ratings
Length
Year
Community
Subscriptions
Recent Discussions
Orange Saloon
Badges
Playlists
Quests
Create
Leaderboards
Showdown
Live 5
Trivia Bingo
Activity
Puzzle Library
Sporcle Events
Private Events
Virtual Trivia
Globe League
Become a Host
Pub Owners
SporcleCon
Opinionation
Our Games
Videos
Blog
Mobile Apps
Partnerships
Remove Ads and Go Orange
Feedback
Television
TV Characters
TV Show
Sitcom
Network
Friends
Reality Shows
Cast
South Park
Star Trek
The Simpsons
Doctor Who
Television
TV Characters
TV Show
Sitcom
Network
Friends
Reality Shows
Cast
South Park
Star Trek
The Simpsons
Doctor Who
Random Quiz
Search Sporcle
×
Quiz Lab
Quiz Lab
Television
Voted
Type in answers that appear in a list
Type in answers that appear in a list
Classic
Best Score? Go Orange.
Survivor Guatemala Alternate Targets Stats
Can you name the alternate targets for each vote off in Survivor: Guatemala? (READ GAME NOTE)
By
TK03
5m
17 Questions
126 Plays
126 Plays
126 Plays
Comments
Comments
Give Quiz Kudos
Give Quiz Kudos
-
- Ratings
hide this ad
More Info
Forced Order
Answers have to be entered in order
Answers have to be entered in order
Replay
Link that replays current quiz
Next Quiz
Link to next quiz in quiz playlist
You Got
0%
They Got
Avg Score
92%
Avg Friend Score
Upgrade to see
Score Distribution
Jump to the score distribution portion of the page
Score
0/17
Timer
05:00
0
Plays Today
Person voted off
Alternate target
% Correct
Lydia Morales
Danni Boatwright
96%
Rafe Judkins
Stephenie LaGrossa
96%
Danni Boatwright
Stephenie LaGrossa
96%
Gary Hogeboom
Cindy Hall
95.2%
Judd Sergeant
Lydia Morales
95.2%
Cindy Hall
Rafe Judkins
95.2%
Jamie Newton
Gary Hogeboom
94.4%
Bobby Jon Drinkard
Stephenie LaGrossa/Cindy Hall
92.9%
Jim Lynch
Margaret Bobonich
91.3%
Person voted off
Alternate target
% Correct
Brandon Bellinger
Jamie Newton
91.3%
Brianna Varela
Lydia Morales
90.5%
Brooke Struck
Lydia Morales
90.5%
Margaret Bobonich
Judd Sergeant
90.5%
Morgan McDevitt
Lydia Morales
89.7%
Blake Towsley
Brian Corridan
89.7%
Brian Corridan
Bobby Jon Drinkard
89.7%
Amy O'Hara
Bobby Jon Drinkard
88.9%
Quiz Playlist
Details
Report
Send in Message
Add To Playlist
More Info:
The runner-ups will be included in the "Alternate target" section and the winner in the "Person voted off" section.
Classic:
Type in answers that appear in a list
Forced Order:
Answers have to be entered in order
Last Updated: Oct 2, 2019
Quiz Scoreboard
CHALLENGE
Sign Up to Join the Scoreboard
Show All
Scores
Hide
Comments
May contain spoilers
Recently Published
Billboard Blitz: Fleetwood Mac
by CooCooCachoo
Music
15s
Presidents Visiting Landmarks
by Hejman
History
7m
An Introduction to Baseball
by treessimontrees
Sports
5m
More to Explore
Quiz From the Vault
Featured Blog Post
Where Did the Easter Bunny Come From?
hide this ad
You Might Also Like...
Tags
Alternate
Guatemala
note
Person
read
Survivor
Tally
target
Vote
Voted
Today's Top Quizzes in Television
Browse Television
hide this ad
Today's Top Quizzes in Voted
Browse Voted
Top Contributed Quizzes in Television
1
5-to-1: The Simpsons Families
2
5-to-1: Television Doctors
3
7-to-1: TV Show Settings
4
One Piece Logic Puzzle
5
5-to-1: Streaming Originals
6
Survivor Seasons
7
Survivor Logic Puzzle: Heroes vs. Villains
8
TV Shows by First Names
9
Survivor Season by Logo
10
One Thing in Common: Television
Explore More
Trending Topics
Harry Potter
Marvel
Disney
Crossword
Anime
Kpop
NBA
Soccer
Pokémon
Song
WWE
The Office
Country
Puzzle
NFL
hide this ad
More By:
TK03
Quiz
Plays
Rating
Category
Featured
Created
Geometry Dash Players
2,460
3.00
Gaming
Aug 12, 2017
Big Brother 25 Events
829
5.00
Television
Aug 3, 2023
GD Top 50 Demons
811
5.00
Gaming
Aug 9, 2017
Survivor Winners at War Alternate Targets
664
5.00
Television
Feb 13, 2020
Survivor Interactive
591
4.83
Television
Feb 18, 2023
Go to Creator's Profile
Score Distribution
Quiz Creator Spotlight
TK03
Follow
Send a Message
Quizzes Created
-
Created Quiz Play Count
-
More By This Creator
Popular Quizzes Today
1
Find the US States - No Outlines Minefield
2
Find the Countries of Europe - No Outlines Minefield
3
The Countries of the World
4
Find the US States
5
Popular People in 1961
6
US States
7
Risky Map Clicking: Biggest States A-Z
8
Movies - When Are They Set?
More Television Quizzes
Netflix' ASOUE How Did They Die?
Quiz Lab
Trending Quizzes
Risky Map Clicking: Least Populous States A-Z
1-10 Letter G Words
1-10 Letter F Words
Risky Map Clicking: Next State Alphabetically
'A' Boys' Names Grid
Recently Updated
Leaping Animals
pecheneg
Reality TV Shows (A-Z)
bhenderson79
Rickey Henderson's Hall of Fame Teammates
pecheneg
Champions League XIs: Arsenal
pecheneg
Quick Pick: Celebrities in WWE's Hall of Fame
aduchscher
A-Z Keypad Blitz II
pecheneg
Multiple Oscar Actors
pecheneg
Mystery Phrase Blitz: Oscar 'Best Actors'
pecheneg
F. Scott Fitzgerald Novels
LTH
Pick 3 Villains
ddd62291
Trending Topics
Kpop
Crossword
NBA
Marvel
Disney
Harry Potter
Anime
Pokémon
Country
WWE
The Office
Song
NFL
Soccer
Puzzle
Your Account Isn't Verified!
In order to create a playlist on Sporcle, you need to verify the email address you used during registration. Go to your
Sporcle Settings
to finish the process.
Report this User
Report this user for behavior that violates our
Community Guidelines
.
Details:
Send Report
Go to the Sporcle.com Mobile Site →
Comments